[Event "KGZ-ch"]
[Site "Bishkek"]
[Date "2012.04.03"]
[Round "3"]
[White "Umarbekov, Aziz"]
[Black "Batabaev, Mirgalim"]
[Result "0-1"]
[WhiteElo "2247"]
[BlackElo "2079"]
[PlyCount "128"]
[EventDate "2012.04.01"]
[EventType "swiss"]
[EventRounds "11"]
[EventCountry "KGZ"]
[SourceTitle "EXT 2013"]
[Source "ChessBase"]
[SourceDate "2012.11.22"]
[SourceVersion "1"]
[SourceVersionDate "2012.11.22"]
[SourceQuality "1"]

1. e4 e5 2. Nf3 Nc6 3. Bb5 Nd4 4. Bc4 Nxf3+ 5. Qxf3 Qf6 6. Qg3 d6 7. Nc3 c6 8. 0-0 Qg6 9. Qxg6 hxg6 10. d3 Be7 11. f4 f6 12. Be3 Bd8 13. Rad1 Bg4 14. Rd2 Bb6 15. Bxb6 axb6 16. d4 b5 17. Bb3 exf4 18. Rxf4 Bd7 19. a3 0-0-0 20. a4 bxa4 21. Nxa4 Kc7 22. e5 f5 23. exd6+ Kxd6 24. d5 c5 25. Nb6 Bb5 26. Bc4 Kc7 27. Rf3 Nf6 28. Bxb5 Kxb6 29. Bc4 Rh4 30. Rb3+ Kc7 31. d6+ Rxd6 32. Rxd6 Kxd6 33. Bf7 Rb4 34. Rxb4 cxb4 35. Bxg6 Ke5 36. h3 Ne4 37. Kf1 Kf4 38. Ke2 Nd6 39. Kf2 Nc4 40. g3+ Kg5 41. Bf7 Nxb2 42. Kf3 Na4 43. Bd5 b6 44. Ke3 Nc3 45. Bf3 Kf6 46. Kd4 Nb5+ 47. Kc4 Na3+ 48. Kb3 Ke5 49. Bd1 Kd4 50. c3+ Kd3 51. Kxb4 Nb1 52. c4 Nd2 53. c5 bxc5+ 54. Kxc5 Ne4+ 55. Kd5 Nxg3 56. Ke6 Kd2 57. Bf3 Ke3 58. Bc6 f4 59. h4 f3 60. Kf7 f2 61. Bg2 Nh5 62. Bf1 Kd2 63. Kg6 Ke1 64. Bb5 Nf4+ 0-1